header

Global America? (Record no. 110705)

MARC details
000 -LEADER
fixed length control field 01402nam a2200349Ia 4500
245 00 - TITLE STATEMENT
Title Global America?
260 ## - PUBLICATION, DISTRIBUTION, ETC. (IMPRINT)
Place of publication Liverpool :
Name of publisher Liverpool University Press,
Year of publication 2003.
300 ## - PHYSICAL DESCRIPTION
Number of Pages xi, 275 p.
490 1# - SERIES STATEMENT
Series statement Studies in social and political thought ;
650 #0 - SUBJECT ADDED ENTRY--TOPICAL TERM
Topical Term Globalization
Topical Term Americanization.
700 1# - ADDED ENTRY--PERSONAL NAME
Personal name Beck, Ulrich,
Personal name Sznaider, Natan,
Personal name Winter, Rainer,
856 40 - ELECTRONIC LOCATION AND ACCESS
Uniform Resource Identifier http://site.ebrary.com/lib/rucke/Doc?id=10369350

No items available.

© 2026 Rongo University
Contact us: librarian | system librarian | Rongo university